000 01254nam a2200229Ia 4500
999 _c37419
_d37419
001 3378
003 GE_BSU
005 20190605201054.0
008 181216s1985|||| |||||||||||||| ||geo||
040 _cGE_BSU
041 _ageo
080 _a620.17(075.8) ლ–86
100 _aლოსაბერიძე, ა.
_91068
245 _aსაანგარიშო–საპროექტო სამუშაოები მასალათა გამძლეობაში სამშენებლო სპეციალობებისათვის : დამხმ. სახელმძღ. /
_cა. ლოსაბერიძე ; ლ. ჩირაძე : რედ : ე. გიორგაძე.
264 _aთბილისი :
_bსპი,
_c1985.
300 _a100 გვ .:
_bნახაზ.
_c20 სმ.
504 _aბიბლიოგრაფია გვ.: 99.
653 _aსაანგარიშო–საპროექტო სამუშაოები მასალათა გამძლეობაში
653 _aმასალათა გამძლეობა
700 _aგიორგაძე, ე
_eრედაქტორი
_9398
942 _cBK
_2udc